| 000 | 00770 a2200229 4500 | ||
|---|---|---|---|
| 005 | 20080829123836.0 | ||
| 008 | 080908t xxu||||| |||| 00| 0 eng d | ||
| 010 | _aENG-90980 | ||
| 020 |
_a9788178803876 _c750.00 |
||
| 035 | _aEN-74513 | ||
| 037 | _bD.B.Act / Pub | ||
| 040 |
_adpl _bEnglish |
||
| 082 | _a636 | ||
| 100 | _aAmarjeet Singh | ||
| 245 |
_aAnimal husbandry / _cby Amarjeet Singh |
||
| 260 |
_aNew Delhi _bRajat Publications _c2008 |
||
| 270 |
_a4675/21, Ansari Raod, Darya Ganj, _bNew Delhi _e110002 |
||
| 300 |
_avii, 308 p. _c22 cm. (Hb) |
||
| 650 | _aAnimal husbandry | ||
| 942 |
_adpl _cEN _2ddc _h636 _mAMA |
||
| 999 |
_c15393 _d15393 |
||